Object-oriented programming with C++ (Record no. 102750)

MARC details
000 -LEADER
fixed length control field 00396nam a2200157Ia 4500
008 - FIXED-LENGTH DATA ELEMENTS--GENERAL INFORMATION
fixed length control field 230917s9999||||xx |||||||||||||| ||und||
020 ## - ISBN
Price RS115
040 ## - CATALOGING SOURCE
-- 31353
Original cataloging agency VIVEKANANDA LIBRARY
041 ## - Language
-- English
082 ## - DDC NUMBER
Classification number 005.133 B181O
100 ## - MAIN ENTRY--PERSONAL NAME
Personal name Balagurusamy, E
245 #0 - TITLE STATEMENT
Title Object-oriented programming with C++
260 ## - PUBLICATION, DISTRIBUTION, ETC. (IMPRINT)
Place of publication, distribution, etc New Delhi
Name of publisher, distributor, etc Tata McGraw-Hill
Date of publication, distribution, etc 1999
300 ## - PHYSICAL DESCRIPTION
Pages xii, 321 p.
942 ## - ADDED ENTRY ELEMENTS (KOHA)
Koha item type Books
Holdings
Withdrawn status Lost status Damaged status Not for loan Location (home branch) Sublocation or collection (holding branch) Date acquired Koha issues (times borrowed) Koha full call number Accession No. Koha date last seen Koha item type
        VIVEKANANDA LIBRARY VIVEKANANDA LIBRARY 08/08/2002   005.133 B181O 186773 17/09/2023 Books
        VIVEKANANDA LIBRARY VIVEKANANDA LIBRARY 08/08/2002   005.133 B181O 188139 17/09/2023 Books
        VIVEKANANDA LIBRARY VIVEKANANDA LIBRARY 08/08/2002   005.133 B181O 188933 17/09/2023 Books
© Designed and Maintained by Vivekananda Library, MDU Rohtak